Graph theory in modern engineering : computer aided design, control, optimization, reliability analysis /

Guardado en:
Autor Principal: Henley, Ernest J.
Otros Autores: Williams, R. A.
Formato: Libro
Idioma:English
Publicado: New York : Academic Press, 1973.
Series:Mathematics in science and engineering ; v. 98
Materias:
Etiquetas: Agregar Etiqueta
Sin Etiquetas, Sea el primero en etiquetar este registro!
LEADER 00934cam a2200253 a 4500
001 MAT.inmabb005770
008 730502s1973####nyua#####b####001#0#eng##
005 20180611164830.0
245 1 0 |a Graph theory in modern engineering :  |b computer aided design, control, optimization, reliability analysis /  |c Ernest J. Henley and R. A. Williams. 
260 |a New York :  |b Academic Press,  |c 1973. 
300 |a xvi, 303 p. :  |b il. ;  |c 24 cm. 
440 0 |a Mathematics in science and engineering ;  |v v. 98 
500 |a Contract no. N0014-68-A-0151 of the Office of Naval Research. 
504 |a Bibliografía: p. 295-296. 
510 4 |a MR,  |c 50 #12465 
020 |a 0123408504 
100 1 |a Henley, Ernest J. 
700 1 |a Williams, R. A.  |q (Richard A.) 
084 |a 94C15 (05C90)  |2 msc2000 
650 0 |a Graph theory. 
650 0 |a Computer-aided design. 
010 |a  72077353  
040 |a DLC  |c DLC  |d DLC 
859 |h 94  |i H514  |p A-4147  |b BIB. MATEMATICA